5 Basic Tastes - Picture Quiz - Statistics

General Stats
  • This quiz has been taken 24 times
  • The average score is 4 of 5
Answers on the Map
Answers color-coded by a green-red scale on the quiz's map according to % correct below.
 
Answer Stats
Taste % Correct
sweet
100%
sour
96%
bitter
91%
salty
78%
umami
65%
No matching quizzes found
Score Distribution
Percent of People with Each Score
Percentile by Number Answered
Your Score History
You have not taken this quiz